000 00664nam a2200277Ia 4500
005 20260324145450.0
008 008 260324s9999 xx 000 0 eng d
020 _a9780429292774
037 _aEBOOK
040 _aCRL
040 _beng
040 _cCRL
041 _2eng
041 _aeng
084 _qCRL
100 _aAlfred S.Y. Chau; B. K. Afghan
_91223056
245 0 _aAnal Of Pest In Water Anal Nitrogen Cont Pest
260 _bTaylor and Francis
260 _c1982
365 _a
365 _b385
856 _uhttp://www.taylorfrancis.com/books/9780429292774
942 _cEBOOK
999 _c1831011
_d1831011